Definitívne údaje o úrode poľnohospodárskych plodín, ovocia a zeleniny v SR za rok 2006

Uložené v:
Podrobná bibliografia
Médium: Kniha
Jazyk:Slovak
Vydavateľské údaje: Bratislava Štatistický úrad Slovenskej republiky 2007
Edícia:Pôdohospodárstvo a životné prostredie
Predmet:
Tagy: Pridať tag
Žiadne tagy, Buďte prvý, kto otaguje tento záznam!

MARC

LEADER 00000nam a2200000 4500
001 0054745
005 20260226073543.8
041 0 |a slo 
044 |a SK 
245 1 0 |a Definitívne údaje o úrode poľnohospodárskych plodín, ovocia a zeleniny v SR za rok 2006 
264 1 |a Bratislava  |b Štatistický úrad Slovenskej republiky  |c 2007 
300 |a 19 s. 
490 1 |a Pôdohospodárstvo a životné prostredie 
830 0 |a Pôdohospodárstvo a životné prostredie 
610 2 0 |a Slovensko 
610 2 0 |a plodiny poľnohospodárske 
610 2 0 |a úroda 
610 2 0 |a ovocie 
610 2 0 |a zelenina